000 00505nam a2200169 i 4500
001 70891
003 ES-MaACL
005 20230906170945.0
007 t|
008 040803s1970 sp ||||1| spa d
100 1 _aGarrone, Gabriel Marie.
_955782
245 1 0 _aFé y Pedagogía /
_cGabriel Garrone ; [versión de Eustoquio de Montserrat].
260 _aBarcelona :
_bHerder,
_c1970.
300 _a173 p. ;
_c20 cm.
700 1 _aMontserrat, Eustoquio de.
_982738
852 _aES-MaACL
_jC-50067
_bR.73053
999 _c70891
_d70891